00757 2200193 4500001002100000005001700021008004100038035002400079040001200103082001000115090001900125100002000144245018600164260009300350300004600443504003100489650002500520990001800545YOGYA-0113000000122620130121103242.0 ind  0010-011300000001226 aYOPDYOG a362.1 aSK 362.1 Mul H aMULYATI KHAULAH aHubungan antara persepsi ibu post parfum tentang kualitas pelayaan dengan kepatuhan ibu melakukan ANC di Puskesmas Ngampilan Kota Yogyakarta tahun 2004/ disusun oleh Mulyati Khaulah aYogyakarta :bProgram Studi ilmu Kebidanan Sekolah Tinggi ilmu Kesehatan Aisyiyah,c2004 axii, 36, (19) lbr.:bilus., lamp.;c29 cm abibliografi : (lbr. 37-38) akesehatan, pelayanan a43110-PD/A.12